Sports Quiz

Random Sports or WWE Quiz

Can you name the 1994 PWI 500 Top 200? Quiz Stats

 Plays Quiz not verified by Sporcle

Challenge
Share
Tweet
Embed
Score 0/200 Timer 20:00
0 Plays Today
Ranking Wrestler % Correct
2Hulk Hogan
99.4%
1Bret Hart
99.2%
3Ric Flair
98.9%
5Shawn Michaels
98.6%
7 Razor Ramon
98.6%
10Owen Hart
97.8%
8Sting
97.5%
14Diesel
97%
13Rick Rude
95.6%
20Scott Steiner
95.3%
28Rick Steiner
95%
23Undertaker
94.7%
221-2-3 Kid
94.5%
11Yokozuna
93.4%
17Lex Luger
92.8%
184Davey Boy Smith
92.5%
6Steve Austin
92%
18Steven Regal
92%
9Ricky Steamboat
90.6%
16Jerry Lawler
89.8%
31Arn Anderson
89.2%
24Bam Bam Bigelow
88.6%
27Cactus Jack
88.1%
4 Vader
87.5%
43Chris Benoit
87.3%
44Randy Savage
87.3%
141Eddie Guerrero
87%
26Irwin R Schyster
85.9%
33Terry Funk
85.9%
57Jake Roberts
83.7%
69Jacques Rougeau
83.1%
70Rick Martel
82.3%
86Bob Backlund
82.3%
157Marty Jannetty
81.4%
35Jeff Jarrett
80.6%
15Great Muta
80.3%
12Sabu
80.1%
191Dean Malenko
80.1%
71Jim Duggan
79.8%
79 The Patriot
79.2%
53Crush
78.9%
54Brian Pillman
78.4%
19Dustin Rhodes
78.1%
21Jushin Liger
77.8%
32Shane Douglas
77.8%
48Steve Williams
77.8%
63Fatu
76.7%
159The Barbarian
76.5%
120Jimmy Snuka
76.2%
129Rob van Dam
76.2%
99Earthquake
75.9%
142Adam Bomb
75.6%
40Tatanka
75.3%
143Sid Vicious
75.1%
51Johnny B Badd
74.8%
170Steve Dunn
74.8%
156Johnny Smith
73.4%
39Road Warrior Hawk
72.9%
200Barry Windham
72.9%
78Typhoon
72.6%
107Tazmaniac
72.3%
113Vic Steamboat
72.3%
84Bobby Eaton
72%
172The Warlord
71.7%
34Konnan
71.2%
160Sandman
71.2%
105Ivan Koloff
70.6%
Ranking Wrestler % Correct
198Axis the Demolisher
70.6%
145Vladmir Koloff
69.8%
58Kevin Sullivan
69.5%
67Samu
69.5%
83Roddy Piper
69.5%
77Stan Hansen
69%
168Prince Kharis
68.4%
90Tito Santana
68.1%
148Timothy Well
68.1%
189Sparky Plugg
67.6%
55Guardian Angel
67.3%
76Ultimo Dragon
67.3%
153Brad Armstrong
67.3%
166Steve Armstrong
67%
176Ricky Santana
67%
196Scott Armstrong
66.8%
121Greg Valentine
65.4%
179Johnny Gunn
65.4%
29Mitsuharu Misawa
65.1%
192Doink the Clown II
65.1%
87Abdullah the Butcher
64.8%
36Doink the Clown
64.5%
98Ron Simmons
63.4%
116Johnny Ace
63.4%
181King Kong Bundy
62.9%
112Al Snow
62.6%
64Paul Orndorff
61.2%
80Masahiro Chono
61.2%
140Kamala
60.9%
61Jim Neidhart
60.4%
155Duke Droese
60.4%
146Junkyard Dog
60.1%
37Kenta Kobashi
59.8%
102Tommy Dreamer
59.3%
195Terry Taylor
59.3%
138Quebecer Pierre
58.7%
96Ricky Morton
58.4%
174Kwang
58.4%
88Mabel
57.6%
108Brutus Beefcake
57.6%
42Eddie Gilbert
57.3%
66Brian Knobbs
57.1%
75Doug Gilbert
57.1%
93Marcus Bagwell
56.8%
52Jerry Sags
56.2%
103Robert Gibson
56%
134Nikolai Volkoff
55.7%
149Koko B Ware
55.7%
177Maxx Payne
55.7%
100The Sheik
53.7%
502 Cold Scorpio
52.6%
92Paul Roma
52.1%
56Troy Graham
51%
162Virgil
51%
81Larry Zbyszko
50.7%
109Scott Putski
49%
45Chris Candido
48.2%
137The Hater
47.4%
60Scott Norton
47.1%
59Kensuke Sasaki
46.8%
30Brian Christopher
46.5%
47Jimmy del Ray
46%
49Tom Prichard
46%
185John Rambo
45.7%
62American Love Machine
45.2%
38Tracey Smothers
44.9%
173Jimmy Garvin
43.8%
Ranking Wrestler % Correct
89Tommy Rich
43.5%
161Silver King
43.5%
182Jesse Barr
43.5%
65Chris Adams
43.2%
151Black Tiger
42.4%
188Mil Mascaras
42.1%
114Butch Reed
41.8%
139Dick Slater
41%
91Genichiro Tenryu
40.7%
183Erik Watts
40.2%
82Shinya Hashimoto
39.3%
125Bunkhouse Buck
38.5%
97Hiroshi Hase
37.7%
130Invader 1
37.4%
163Tom Zenk
37.4%
131Tatsumi Fujinami
35.7%
123Bob Orton
35.2%
132Great Sasuke
33.8%
197Psychosis
33.8%
41Brian Lee
33.5%
25Tony Anthony
33%
135Tony Atlas
33%
72Iceman Parsons
31.9%
85Riki Choshu
30.5%
178Alex Porteau
30.5%
101Rey Mysterio Jr
29.1%
167Dan Spivey
28.8%
196 Dick Murdoch
28.8%
110Doug Furnas
28.3%
154Miguel Perez Jr
28.3%
94El Hijo Del Santo
28%
147Dory Funk Jr
28%
118Akira Taue
26%
68Mr Hughes
24.9%
169Charlie Norris
24.9%
136Nailz
23%
190Manny Fernandez
23%
111Negro Casas
18.3%
106Nobuhiko Takada
17.2%
171Ray Odyssey
16.9%
133Mike Davis
16.6%
165Atsushi Onita
15%
199Wahoo McDaniel
14.7%
119Jun Akiyama
14.1%
95Ray Gonzales
13.3%
124Gary Albright
13.3%
117El Canek
12.5%
128Tommy Cairo
12.2%
158Cien Caras
11.9%
126Dan Kroffat
11.4%
150Dutch Mantell
10.8%
180Pitbull Psycho Mike
10.5%
144Gran Hamada
10.2%
152Blue Panther
9.4%
46Rod Price
8.3%
175Joel Deaton
8%
122Kendo the Samurai
7.8%
73Bruiser Bedlam
7.2%
74Akira Nogami
5%
115Frank Andersson
3.9%
104Mike Samples
2.5%
164La Ley
1.9%
186Bruiser Brian Cox
1.9%
193Killer Kyle
1.9%
127Tatayuki Lizuka
1.1%
187Sumito
0.6%

You're not logged in!

Compare scores with friends on all Sporcle quizzes.
OR
Log In

You Might Also Like...

Show Comments

Extras

Top Quizzes Today


Score Distribution

Your Account Isn't Verified!

In order to create a playlist on Sporcle, you need to verify the email address you used during registration. Go to your Sporcle Settings to finish the process.

Report this User

Report this user for behavior that violates our Community Guidelines.

Details: